Statystyki dla Legia Warszawa - skład 2014/15

Kliknij tutaj aby rozwiązać quiz!

Ogólne statystyki

  • Ten quiz został rozwiązany 230 razy
  • Średni wynik to 13 z 31

Statystyki odpowiedzi

Poz.NrImię i nazwisko% Poprawnych
BR12Dušan Kuciak
92%
PO32Miroslav Radović
83%
NA70Orlando Sá
81%
PO18Michał Kucharczyk
76%
OB25Jakub Rzeźniczak
73%
OB19Bartosz Bereszyński
70%
NA9Marek Saganowski
65%
OB28Łukasz Broź
63%
PO/NA20Jakub Kosecki
62%
OB/PO17Tomasz Brzyski
58%
PO/NA33Michał Żyro
56%
OB/PO3Tomasz Jodłowiec
55%
OB15Iñaki Astiz
54%
PO21Ivica Vrdoljak
53%
OB2Dossa Júnior
49%
PO/NA8Ondrej Duda
48%
OB4Igor Lewczuk
45%
PO6Guilherme
41%
BR91Konrad Jałocha
36%
PO22Michał Kopczyński
32%
PO23Hélio Pinto
23%
OB5Mateusz Wieteska
21%
NA11Arkadiusz Piech
20%
PO45Adam Ryczkowski
19%
PO7Henrik Ojamaa
18%
NA13Wladimer Dwaliszwili
17%
PO14Mateusz Szwoch
11%
PO73Łukasz Moneta
9%
PO76Bartłomiej Kalinkowski
6%
BR1Łukasz Budziłek
5%
OB66Ronan Queiroz
5%

Rozkład punktacji

Percentyl według liczby udzielonych odpowiedzi

Procent ludzi z każdym wynikiem

Twoja historia wyników

Nie rozwiązałeś tego quizu